| 000 | 00932nam a22002177a 4500 | ||
|---|---|---|---|
| 999 |
_c61357 _d61357 |
||
| 003 | Ge_BSU | ||
| 005 | 20240222165145.0 | ||
| 008 | 240222s2023 ge ||||| |||| 00| 0 geo d | ||
| 020 | _a9789941338476 | ||
| 041 | _ageo | ||
| 080 | _a821.398.91(042.4) შ-16 | ||
| 100 |
_aშავლაძე, თეა _95961 |
||
| 245 |
_aპარემიოლოგია : _b(სალექციო მასალების კრებული) / _cთეა შავლაძე; რედ. მანანა ღარიბაშვილი. |
||
| 264 |
_aთბილისი: _bუნივერსალი, _c2023. |
||
| 300 |
_a217 გვ. _b21 სმ. |
||
| 653 | _aპარემიოლოგია | ||
| 653 | _aლინგვისტიკა | ||
| 653 | _aფილოლოგია | ||
| 700 |
_aღარიბაშვილი, მანანა _eრედაქტორი _93637 |
||
| 942 |
_2udc _cBK |
||